书目信息 |
| 题名: |
教育实习的理论与实践研究
|
|
| 作者: | 邓李梅 著 | |
| 分册: | ||
| 出版信息: | 北京 光明日报出版社 2020.06 |
|
| 页数: | 307页 | |
| 开本: | 24cm | |
| 丛书名: | ||
| 单 册: | ||
| 中图分类: | G424.4 | |
| 科图分类: | ||
| 主题词: | 教育实习--jiao yu shi xi--研究 | |
| 电子资源: | ||
| ISBN: | 978-7-5194-5744-0 | |
| 000 | 01255nam0 2200229 450 | |
| 001 | 0104125638 | |
| 005 | 20201104125713.0 | |
| 010 | @a978-7-5194-5744-0@dCNY80.00 | |
| 100 | @a20200529d2020 em y0chiy0110 ea | |
| 101 | 0 | @achi |
| 102 | @aCN@b110000 | |
| 105 | @ay z 000yy | |
| 106 | @ar | |
| 200 | 1 | @a教育实习的理论与实践研究@Ajiao yu shi xi de li lun yu shi jian yan jiu@f邓李梅著 |
| 210 | @a北京@c光明日报出版社@d2020.06 | |
| 215 | @a307页@d24cm | |
| 330 | @a本书围绕“教育实习”展开,从教育实习的定义、主体与客体、意义与原则、目的与方法、内容与管理、评价与调查等多个方面进行阐述和分析,从理论和实践两个维度为教育实习工作提供借鉴和参考。全书共十四章,分为五大部分。第一部分,从词源学、科学观、源流史上探讨教育实习的观念。第二部分,对教育实习进行定位,并探寻教育实习的主体与客体。第三部分是本书的重点,着重探讨教育实习的意义与原则、教育实习的目的、教育实习的方法、教育实习的条件、教育实习的过程、教育实习的内容等。第四部分通过调查研究的形式对教育实习存在的问题及其原因以及完善和促进教育实习改革的策略进行深入思考。第五部分是探讨教育实习的管理、实习评价的总结与反思。 | |
| 606 | 0 | @a教育实习@Ajiao yu shi xi@x研究 |
| 690 | @aG424.4@v5 | |
| 701 | 0 | @a邓李梅@Adeng li mei@4著 |
| 801 | 0 | @aCN@bBJSZM@c20201104 |
| 905 | @b1261514-7@dG424.4@e447@f4 | |
| 教育实习的理论与实践研究/邓李梅著.-北京:光明日报出版社,2020.06 |
| 307页;24cm |
| ISBN 978-7-5194-5744-0:CNY80.00 |
| 本书围绕“教育实习”展开,从教育实习的定义、主体与客体、意义与原则、目的与方法、内容与管理、评价与调查等多个方面进行阐述和分析,从理论和实践两个维度为教育实习工作提供借鉴和参考。全书共十四章,分为五大部分。第一部分,从词源学、科学观、源流史上探讨教育实习的观念。第二部分,对教育实习进行定位,并探寻教育实习的主体与客体。第三部分是本书的重点,着重探讨教育实习的意义与原则、教育实习的目的、教育实习的方法、教育实习的条件、教育实习的过程、教育实习的内容等。第四部分通过调查研究的形式对教育实习存在的问题及其原因以及完善和促进教育实习改革的策略进行深入思考。第五部分是探讨教育实习的管理、实习评价的总结与反思。 |
| ● |
| 相关链接 |
|
|
|
|
正题名:教育实习的理论与实践研究
索取号:G424.4/447
 
预约/预借
| 序号 | 登录号 | 条形码 | 馆藏地/架位号 | 状态 | 备注 |
| 1 | 1261514 | 212615142 | 教育系资料室/ [索取号:G424.4/447] | 在馆 | |
| 2 | 1261515 | 212615151 | 教育系资料室/ [索取号:G424.4/447] | 在馆 | |
| 3 | 1261516 | 212615160 | 教育系资料室/ [索取号:G424.4/447] | 在馆 | |
| 4 | 1261517 | 212615179 | 第四借阅区/ [索取号:G424.4/447] | 在馆 | |
| 5 | 1290605 | 212906051 | 第一样本阅览室/ [索取号:G424.4/447] | 在馆 | |
| 6 | 1290606 | 212906060 | 第四借阅区/ [索取号:G424.4/447] | 在馆 | |
| 7 | 1290607 | 212906079 | 第四借阅区/ [索取号:G424.4/447] | 在馆 | |
| 8 | 1290608 | 212906088 | 第四借阅区/ [索取号:G424.4/447] | 在馆 |